000 00739cam a2200217 4500
001 ABS61662
008 000000n1999 000 0 eng u
035 _a(Sirsi) u103357
245 _aUS Reits fight back but private money is back in fashion
260 _c1999
490 _aEuroProperty
_vDec1999/Jan 2000, 15-16(2)
520 _aConsiders the future of the real estate investment trust market. With no further public funding available, reits needs to regain favour with investors.
590 _aABS
650 _aREITS
650 _aREITS
650 _aPUBLIC FUNDING
650 _aPRIVATE FUNDING
650 _aFORECASTS
690 _aPROPERTY-COMMERCIAL PROPERTY-COMMERCIAL PROPERTY FINANCE AND INVESTMENT
942 _n0
999 _c62117
_d62117